The CISA prep Guide (Record no. 5663)

MARC details
000 -LEADER
fixed length control field 00557nam a2200157Ia 4500
003 - CONTROL NUMBER IDENTIFIER
control field SGT
020 ## - INTERNATIONAL STANDARD BOOK NUMBER
International Standard Book Number 8126503556
082 ## - DEWEY DECIMAL CLASSIFICATION NUMBER
Classification number 5
Item number KRA
100 ## - MAIN ENTRY--PERSONAL NAME
Personal name Kramer,John B
245 #4 - TITLE STATEMENT
Title The CISA prep Guide
260 ## - PUBLICATION, DISTRIBUTION, ETC. (IMPRINT)
Name of publisher, distributor, etc Wiley India Pvt. Ltd.
Place of publication, distribution, etc N.Delhi
Year of Publication 2005
300 ## - PAGE DESCRIPTION
No. of Pages 570p.
650 ## - SUBJECT ADDED ENTRY--TOPICAL TERM
Topical term or geographic name as entry element COMPUTER SCIENCE
653 ## - KEYWORDS--INDEX TERM
Keyword term THE INFORMATION SYSTEM AUDIT PROCESS,MANAGEMENT,PLANNING,AND ORGANIZATION OF INFORMATION SYSTEMS,TECHNICAL INFRASTRUCTURE AND OPERATIONAL PRACTICES,PROTECTION OF INFORMATION ASSETS,DISASTER RECOVERY AND BUSINESS CONTINUITY,
942 ## - ADDED ENTRY ELEMENTS (KOHA)
Source of classification or shelving scheme Dewey Decimal Classification
Koha item type Books
Holdings
Withdrawn status Lost status Source of classification or shelving scheme Damaged status Not for loan Home library Current library Date acquired SGTU Total Checkouts Full call number Accession No. (Barcode) Date last seen Bill Date Koha item type
    Dewey Decimal Classification     SGT Engineering Library SGT Engineering Library 17/09/2013 SGTU   5 KRA FE6229 09/02/2015 09/02/2015 Books